EA FC25 FC Pro - Statistics

General Stats
  • This quiz has been taken 8 times
  • The average score is 11 of 23
Answer Stats
Rate Club Nation Answer % Correct
88 Arsenal Brazil Gabriel Jesus
100%
88 Al Ittihad France Karim Benzema
100%
88 Man City Netherlands Nathan Ake
100%
88 Galatasaray Nigeria Victor Osimhen
100%
87 Liverpool Netherlands Ryan Gravenberch
71%
88 Leipzig Netherlands Xavi Simons
71%
87 Besiktas England Alex Oxlade-Chamberlain
57%
87 Leverkusen Argentina Exequiel Palacios
43%
86 Brentford Portugal Fabio Carvalho
43%
87 Toronto Italy Lorenzo Insigne
43%
87 Bayern France Sacha Boey
43%
86 NYRB Sweden Emil Forsberg
29%
85 Inter Miami Argentina Federico Redondo
29%
86 Brighton Turkey Ferdi Kadioglu
29%
85 Al Hilal Saudi Arabia Hassan Tombakti
29%
85 Lorient Brazil Igor Silva
29%
86 Dortmund England Jamie Bynoe-Gittens
29%
85 Al Riyadh Saudi Arabia Nawaf Al Abed
29%
86 Ipswich Egypt Sam Morsy
29%
87 Fenerbahce Morocco Sofyan Amrabat
29%
85 Atlanta United Norway Stian Gregersen
29%
86 Ajax Netherlands Wout Weghorst
29%
85 Union Berlin France Jerome Roussillon
14%
No matching quizzes found
Score Distribution
Percent of People with Each Score
Percentile by Number Answered
Your Score History
You have not taken this quiz